| 000 | 00349nam a22001337a 4500 | ||
|---|---|---|---|
| 020 | _a9788172336738 | ||
| 082 |
_a631.587 _bSHA/RE |
||
| 245 | _aResource Conserving Techniques in Crop Production | ||
| 260 |
_aJodhpur _bScientific Publishers(india) _c2011 |
||
| 300 | _a523 | ||
| 700 |
_aSharma,A.R. _9698 |
||
| 700 |
_aBehera,U.K. _9699 |
||
| 942 | _cREF | ||
| 999 |
_c14431 _d14431 |
||